00466 2200181 4500001002100000005001500021035002000036245004100056100001900097260004400116300001700160020002200177084001400199082000800213650001000221008004100231990001200272INLIS00000000000272020251007100136 a0010-09250000671 aYuk, Bermusyawarah /cYugha Erlangga aYugha Erlangga aJakarta :bEsensi Erlangga Group,c2017 c(26 x 20 cm) a978-602-6847-48-5 a300 YUG y a300 4aFiksi251007 0  a0754922